Statistics for Top 20 Countries by Numerical Value

Click here to take the quiz!

General Stats

  • This quiz has been taken 21 times
  • The average score is 13 of 20

Answer Stats

Numeric ValueCountry% Correct
228United States of America
100%
285Democratic Republic of the Congo
90%
298Saint Vincent and the Grenadines
90%
168Dominican Republic
85%
194Republic of the Congo
85%
230Saint Kitts and Nevis
85%
185United Arab Emirates
85%
279Federated States of Micronesia
75%
154Papua New Guinea
75%
211Central African Republic
70%
162Marshall Islands
70%
181Solomon Islands
70%
158Trinidad and Tobago
70%
209Bosnia and Herzegovina
55%
166Kyrgyzstan
50%
176Equatorial Guinea
45%
197Sao Tome and Principe
45%
165Turkmenistan
45%
151Switzerland
30%
147Ivory Coast
15%

Score Distribution

Percentile by Number Answered

Percent of People with Each Score

Your Score History

You have not taken this quiz